<The> SME financing gap theory and evidence
Saved in:
| Format: | Book |
|---|---|
| Language: | English |
| Published: |
Paris
OECD
2006
|
| Subjects: | |
| Tags: |
No Tags, Be the first to tag this record!
|
MARC
| LEADER | 00000nam$a2200000$$$4500 | ||
|---|---|---|---|
| 001 | 0055289 | ||
| 005 | 20240315121242.0 | ||
| 020 | |a 92-64-02940-0 | ||
| 041 | 0 | |a eng | |
| 044 | |a FR | ||
| 245 | 1 | 0 | |a <The> SME financing gap |b theory and evidence |
| 264 | 1 | |a Paris |b OECD |c 2006 | |
| 300 | |a 136 s. | ||
| 610 | 2 | 0 | |a financovanie podnikov |
| 610 | 2 | 0 | |a podnik malý |
| 610 | 2 | 0 | |a podnik stredný |
| 610 | 2 | 0 | |a riziko finančné |
| 610 | 2 | 0 | |a kapitál rizikový |
| 610 | 2 | 0 | |a kapitál podnikový |
| 610 | 2 | 0 | |a inovácia |
| 610 | 2 | 0 | |a podnikanie |